|
|
|
|
| LEADER |
00000nam2a2200000 4500 |
| 001 |
325777 |
| 005 |
20231102003808.0 |
| 035 |
|
|
|a (RuTPU)RU\TPU\book\351393
|
| 035 |
|
|
|a RU\TPU\book\152264
|
| 090 |
|
|
|a 325777
|
| 100 |
|
|
|a 20161213d1928 k y0rusy50 ca
|
| 101 |
0 |
|
|a rus
|
| 102 |
|
|
|a RU
|
| 105 |
|
|
|a a z 001zy
|
| 200 |
0 |
|
|a Т. 4 (IV), вып. 1
|f авт. предисл. П. А. Кашинский
|
| 210 |
|
|
|a Новочеркасск
|c Типография Студенческого О-ва Потребителей "Знание"
|d 1928
|
| 215 |
|
|
|a 32 с.
|c ил.
|
| 300 |
|
|
|a Возобновление издания 1915-1917 гг.
|
| 320 |
|
|
|a Библиогр. в примеч.
|
| 461 |
|
1 |
|0 (RuTPU)RU\TPU\book\210718
|t Гидрохимические материалы
|o [сборник]
|f Академия наук СССР (АН СССР), Гидрохимический институт
|v Т. 4 (IV), вып. 1
|d 1915-1992
|
| 606 |
1 |
|
|a Гидрохимические материалы
|2 stltpush
|3 (RuTPU)RU\TPU\subj\7087
|9 34818
|
| 610 |
1 |
|
|a гидрохимический режим
|
| 610 |
1 |
|
|a Пиленкино Озеро
|
| 610 |
1 |
|
|a лечебные грязи
|
| 610 |
1 |
|
|a грязелечение
|
| 610 |
1 |
|
|a химический состав
|
| 610 |
1 |
|
|a таблицы
|
| 675 |
|
|
|a 556.114
|v 4
|
| 702 |
|
1 |
|a Кашинский
|b П. А.
|4 080
|
| 801 |
|
1 |
|a RU
|b 63413507
|c 20080702
|g PSBO
|
| 801 |
|
2 |
|a RU
|b 63413507
|c 20190131
|g PSBO
|
| 942 |
|
|
|c BK
|